Pleasures of the Japanese bath = (Record no. 14347)
[ view plain ]
| 000 -LEADER | |
|---|---|
| fixed length control field | 00466cam a2200181 a 4500 |
| 020 ## - INTERNATIONAL STANDARD BOOK NUMBER | |
| ISBN | 0834802538 |
| 040 ## - CATALOGING SOURCE | |
| Transcribing agency | DLC |
| 082 00 - DEWEY DECIMAL CLASSIFICATION NUMBER | |
| Classification number | 391 WEA 1992 A065 Or. |
| 100 1# - MAIN ENTRY--AUTHOR NAME | |
| Personal name | Grilli, Peter. |
| 245 10 - TITLE STATEMENT | |
| Title | Pleasures of the Japanese bath = |
| Remainder of title | [Furo] / |
| 246 31 - VARYING FORM OF TITLE | |
| Title proper/short title | [Furo] |
| 260 ## - PUBLICATION, DISTRIBUTION, ETC. (IMPRINT) | |
| Place of publication | New York : |
| Name of publisher | Weatherhill, |
| Year of publication | c1992. |
| 300 ## - PHYSICAL DESCRIPTION | |
| Number of Pages | 191 p. : |
| Other physical details | ill. (some col.), maps ; |
| Dimensions | 30 cm. |
| 500 ## - GENERAL NOTE | |
| General note | Includes index. |
| 650 #0 - SUBJECT ADDED ENTRY--TOPICAL TERM | |
| Topical Term | Bathing customs |
| 650 #0 - SUBJECT ADDED ENTRY--TOPICAL TERM | |
| Topical Term | Baths |
| 942 ## - ADDED ENTRY ELEMENTS (KOHA) | |
| Koha item type | សៀវភៅភាសាអង់គ្លេស |
| 952 ## - LOCATION AND ITEM INFORMATION (KOHA) | |
| Withdrawn status [LOCAL, KOHA] | 0 |
| Permanent Location | Date acquired | Koha item type | Lost status | Shelving location | Barcode | Current Location | Full call number |
|---|---|---|---|---|---|---|---|
| Library Block A | 2017-10-12 | សៀវភៅភាសាអង់គ្លេស | A065 | A19734 | Library Block A | 391 WEA 1992 A065 Or. |